|
|
|
|
| LEADER |
01466cam a2200277 a 4500 |
| 001 |
10064769 |
| 003 |
GR-PaULI |
| 005 |
20241212092401.0 |
| 008 |
071205s2004 gr f d 1 gre d |
| 020 |
|
|
|a 9602273364
|
| 040 |
|
|
|a GR-PaULI
|b gre
|c GR-PaULI
|d
|e AACR2
|
| 041 |
0 |
|
|a gre
|h fre
|
| 082 |
0 |
4 |
|a 889.03
|2 23
|
| 100 |
1 |
|
|9 7300
|a Romilly, Jacqueline de,
|d 1913-2010,
|e συγγραφέας.
|
| 245 |
1 |
0 |
|a Λεξικό της ελληνικής λογοτεχνίας (αρχαίας και νέας) /
|c Jaqueline de Romilly ; μετάφραση Γ. Αραμπατζής ... [και ά.] ; επιμέλεια Νίκος Α. Νικολάου.
|
| 260 |
|
|
|a Αθήνα :
|b Δαίδαλος,
|c 2004.
|
| 300 |
|
|
|a 411 σ. ;
|c 21 εκ.
|
| 500 |
|
|
|a Τίτλος πρωτοτύπου: Dictionnaire de littérature grecque ancienne et moderne.
|
| 504 |
|
|
|a
|
| 650 |
|
4 |
|9 203923
|a Ελληνική λογοτεχνία
|x Εγκυκλοπαίδειες και λεξικά.
|
| 700 |
1 |
|
|a Αραμπατζής, Γεώργιος Θ.,
|d 1963-
|e μεταφραστής.
|9 26401
|
| 700 |
1 |
|
|9 203924
|a Νικολάου, Νίκος Α.
|e επιμελητής.
|
| 765 |
|
|
|i Μετάφραση του:
|t Dictionnaire de littérature grecque ancienne et moderne.
|
| 942 |
|
|
|2 ddc
|c BK
|
| 952 |
|
|
|0 0
|1 0
|2 ddc
|4 0
|6 889_030000000000000_ROM
|7 0
|9 380793
|a LISP
|b LISP
|c DON
|d 2024-05-31
|e ΜΑΡ
|i 366078
|l 0
|o 889.03 ROM
|p 025000311370
|r 2024-05-31 00:00:00
|t 1
|w 2024-05-31
|y BKN
|
| 999 |
|
|
|c 221274
|d 221274
|